000 00373nam a2200169Ia 4500
005 20251020182616.0
008 200515s9999 xx 000 0 und d
082 _aSC/693.6(02)/E16
110 _aSecap
245 0 _aAlbañilería : obra blanca
260 _aQuito
260 _c1976
300 _as.n.
650 _aALBAÑILERIA
650 _aPUB SECAP
942 _cLIB
999 _c3501
_d3501